Géopolitique du sionisme : (Record no. 27740)

MARC details
000 -LEADER
campo de control de longitud fija 01039cam a2200337 a 4500
001 - NÚMERO DE CONTROL
campo de control 98209
005 - FECHA Y HORA DE LA ÚLTIMA TRANSACCIÓN
campo de control 20230410103902.0
008 - DATOS DE LONGITUD FIJA--INFORMACIÓN GENERAL
campo de control de longitud fija 091002s2009 fr b b 000 0 fre c
035 ## - NÚMERO DE CONTROL DEL SISTEMA
Número de control de sistema (OCoLC)ocn451096625
040 ## - FUENTE DE CATALOGACIÓN
Centro catalogador/agencia de origen TZT
Centro/agencia transcriptor TZT
Centro/agencia modificador CGU
020 ## - NÚMERO INTERNACIONAL ESTÁNDAR DEL LIBRO
Número Internacional Estándar del Libro 9782200244569
020 ## - NÚMERO INTERNACIONAL ESTÁNDAR DEL LIBRO
Número Internacional Estándar del Libro 2200244568
029 0# - OTRO NÚMERO DE CONTROL DE SISTEMA (OCLC)
Identificador de la biblioteca OCLC TZT
Número de control de sistema JTL00257446
035 ## - NÚMERO DE CONTROL DEL SISTEMA
Número de control de sistema (OCoLC)451096625
050 14 - SIGNATURA TOPOGRÁFICA DE LA BIBLIOTECA DEL CONGRESO
Número de clasificación 416 DS 126.5
Número de ítem E56g 2009
049 ## - FONDOS LOCALES (OCLC)
Biblioteca depositaria GRAL
100 1# - ENTRADA PRINCIPAL--NOMBRE DE PERSONA
Nombre de persona Encel, Frédéric.
245 10 - MENCIÓN DEL TÍTULO
Título Géopolitique du sionisme :
Resto del título stratégies d'Israèl /
Mención de responsabilidad, etc. Frédéric Encel.
250 ## - MENCION DE EDICION
Mención de edición 2a éd.
260 ## - PUBLICACIÓN, DISTRIBUCIÓN, ETC.
Lugar de publicación, distribución, etc. Paris :
Nombre del editor, distribuidor, etc. A. Colin,
Fecha de publicación, distribución, etc. 2009.
300 ## - DESCRIPCIÓN FÍSICA
Extensión vii, 335 p. :
Otras características físicas maps ;
Dimensiones 21 cm.
490 1# - MENCIÓN DE SERIE
Mención de serie Perspectives géopolitiques
650 #0 - PUNTO DE ACCESO ADICIONAL DE MATERIA--TÉRMINO DE MATERIA
Término de materia o nombre geográfico como elemento de entrada Geopolitics
Subdivisión geográfica Israel
Subdivisión general History.
650 #0 - PUNTO DE ACCESO ADICIONAL DE MATERIA--TÉRMINO DE MATERIA
Término de materia o nombre geográfico como elemento de entrada Zionism
Subdivisión general History.
651 #0 - PUNTO DE ACCESO ADICIONAL DE MATERIA--NOMBRE GEOGRÁFICO
Nombre geográfico Israel
Subdivisión general Politics and government.
653 ## - TÉRMINO DE INDIZACIÓN--NO CONTROLADO
Término no controlado Geopolitics
-- Israel
-- Sionism
830 #0 - PUNTO DE ACCESO ADICIONAL DE SERIE-TÍTULO UNIFORME
Título uniforme Collection Perspectives géopolitiques.
938 ## -
-- Jean Touzot Libraire Editeur
-- TOUZ
-- JTL00257446
-- 27,40 EUR
942 ## - ELEMENTOS DE ENTRADA SECUNDARIOS (KOHA)
Fuente del sistema de clasificación o colocación Clasificación de Library of Congress
Tipo de ítem Koha
994 ## -
-- C0
-- DRFGD
Holdings
Estatus retirado Estado de pérdida Fuente del sistema de clasificación o colocación Estado de daño No para préstamo Colección Biblioteca de origen Biblioteca actual Ubicación en estantería Fecha de adquisición Serial enumeration / chronology Signatura topográfica completa Código de barras Visto por última vez Copia número Tipo de ítem Koha
    Clasificación de Library of Congress     Recursos Regionales Biblioteca Juan Bosch Biblioteca Juan Bosch Recursos Regionales (2do. Piso) 10/04/2023 1 416 DS 126.5 E56g 2009 00000092074 23/10/2018 1